[Event "Russian Championship B11 2016"]
[Site "Loo"]
[Date "2016.04.28"]
[Round "9.9"]
[White "Grebnev, Aleksey"]
[Black "Nikolaev, Matvei"]
[Result "0-1"]
[WhiteElo "1766"]
[BlackElo "1569"]
[PlyCount "108"]
[EventDate "2016.04.20"]

1. e4 e5 2. Nf3 Nc6 3. Bb5 a6 4. Ba4 d6 5. O-O Bd7 6. c3 g6 7. Re1 Bg7 8. d4 b5
9. Bc2 Nf6 10. Be3 O-O 11. a4 bxa4 12. dxe5 Nxe5 13. Nxe5 dxe5 14. Bc5 Re8 15.
Bxa4 Bxa4 16. Qxa4 Qd7 17. Qc2 Qc6 18. Bb4 Reb8 19. Qe2 Bh6 20. Ra5 Rb5 21.
Rxb5 axb5 22. Na3 Rb8 23. Be7 Ne8 24. Nc2 Qe6 25. Bc5 c6 26. Rd1 Bf8 27. Bxf8
Kxf8 28. Qe3 Kg7 29. Qc5 Nf6 30. Qb4 Qc4 31. Qd6 Re8 32. Qb4 Qe2 33. Ne3 Ng4
34. Rf1 Nxe3 35. fxe3 Qxe3+ 36. Kh1 Re6 37. h3 Qe2 38. Kg1 Qe3+ 39. Kh1 Qb6 40.
Rd1 Qe3 41. Rf1 Qe2 42. Kg1 h5 43. b3 Qd3 44. Rf3 Qd7 45. Kh2 Qd6 46. Qa5 Rf6
47. Rxf6 Qxf6 48. Qb4 Qf4+ 49. Kh1 g5 50. Qe7 Qf6 51. Qc7 g4 52. hxg4 hxg4 53.
Kh2 Qf4+ 54. Kg1 g3 0-1

[Event "Russian Championship B11 2016"]
[Site "Loo"]
[Date "2016.04.28"]
[Round "9.10"]
[White "Titov, Alexander"]
[Black "Makinyan, Ruben"]
[Result "1-0"]
[WhiteElo "1641"]
[BlackElo "1583"]
[PlyCount "125"]
[EventDate "2016.04.20"]

1. d4 Nf6 2. c4 g6 3. Nf3 Bg7 4. Nc3 O-O 5. Bg5 d6 6. e3 Nbd7 7. Be2 c5 8. O-O
h6 9. Bh4 g5 10. Bg3 Nh5 11. Ne1 Nxg3 12. hxg3 Nb6 13. d5 Bf5 14. g4 Bg6 15.
Bd3 Bxd3 16. Qxd3 Qd7 17. f3 Na4 18. Nxa4 Qxa4 19. Rf2 Qb4 20. a3 Qb6 21. Rb1
Rab8 22. b4 Qc7 23. Rc2 a6 24. b5 Qd7 25. a4 b6 26. a5 axb5 27. cxb5 bxa5 28.
Ra2 Qa7 29. Qc4 Rb6 30. Nc2 Rfb8 31. Kf2 R8b7 32. Ra4 Qa8 33. Na3 Ra7 34. Qb3
Rb8 35. Qd3 Rab7 36. Qd2 Qa7 37. Rxa5 Qb6 38. Nc4 Qc7 39. b6 Qd7 40. Rb3 Rc8
41. Qa2 Rcb8 42. Ra7 Qd8 43. Rxb7 Rxb7 44. Qa6 Qb8 45. Na5 c4 46. Rb1 Rd7 47.
b7 c3 48. Qa8 Rd8 49. Qa6 Qc7 50. Nc6 c2 51. Rc1 Rb8 52. Nxb8 Bb2 53. Qc6 Qa5
54. Rxc2 Be5 55. Nd7 Bg3+ 56. Ke2 Qe1+ 57. Kd3 Qd1+ 58. Ke4 f5+ 59. gxf5 e6 60.
b8=Q+ Kh7 61. Nf6+ Kg7 62. Qg8+ Kxf6 63. Qf8# 1-0

[Event "Russian Championship B11 2016"]
[Site "Loo"]
[Date "2016.04.28"]
[Round "9.11"]
[White "Kharkevich, Stepan"]
[Black "Chumaevskiy, Arseniy"]
[Result "1/2-1/2"]
[WhiteElo "1614"]
[BlackElo "1552"]
[PlyCount "80"]
[EventDate "2016.04.20"]

1. e4 c5 2. Nf3 e6 3. d4 cxd4 4. Nxd4 Nf6 5. Nc3 Nc6 6. Be2 Bb4 7. Nxc6 bxc6 8.
Bd2 Qc7 9. a3 Bxc3 10. Bxc3 Qf4 11. Bxf6 Qxf6 12. c3 O-O 13. O-O d5 14. exd5
cxd5 15. Qd4 Qxd4 16. cxd4 Rb8 17. b4 Bd7 18. Rac1 Rfc8 19. Bd3 f6 20. f4 g6
21. Kf2 Kf7 22. Ke3 Ke7 23. b5 Kd6 24. a4 Be8 25. g3 Bd7 26. Kd2 Be8 27. Rb1
Rb7 28. Rb3 a6 29. Rfb1 Rcb8 30. Kc3 a5 31. Rf1 h5 32. h4 f5 33. Kd2 Bd7 34.
Rc1 Ra8 35. Rc5 Be8 36. Rbc3 Bd7 37. Kc2 Raa7 38. Kb3 Ra8 39. Ka3 Raa7 40. Rb3
Ra8 1/2-1/2

[Event "Russian Championship B11 2016"]
[Site "Loo"]
[Date "2016.04.28"]
[Round "9.12"]
[White "Tyurin, Artem"]
[Black "Kochetov, Vladislav"]
[Result "1-0"]
[WhiteElo "1532"]
[BlackElo "1674"]
[PlyCount "93"]
[EventDate "2016.04.20"]

1. e4 c5 2. Nf3 Nc6 3. d4 cxd4 4. Nxd4 g6 5. Nc3 Bg7 6. Be3 Nf6 7. Bc4 O-O 8.
Bb3 a5 9. f3 d6 10. O-O Ne5 11. a4 Bd7 12. Ndb5 Bc6 13. Nd5 Nxd5 14. Bxd5 Nd7
15. c3 Nb6 16. Qb3 Nd7 17. Bg5 Nc5 18. Qc2 Qd7 19. c4 Bxb5 20. cxb5 Rac8 21.
Bc4 Ne6 22. Be3 Nd4 23. Qd3 Ne6 24. Qe2 Nc5 25. Bxc5 Rxc5 26. Rac1 Rfc8 27. b3
Bd4+ 28. Kh1 Qc7 29. Rfd1 Bg7 30. Rc2 Bh6 31. Rd5 Qd7 32. Qd3 Bg7 33. Rxc5 Rxc5
34. Bxf7+ Kxf7 35. Rxc5 Qe6 36. Rc7 b6 37. Rc6 Qe5 38. Qc4+ Kf6 39. g3 Qa1+ 40.
Kg2 Qa2+ 41. Kh3 Qb2 42. f4 g5 43. e5+ Kg6 44. Qe6+ Bf6 45. exf6 Qxf6 46. Qxf6+
Kxf6 47. fxg5+ 1-0

[Event "Russian Championship B11 2016"]
[Site "Loo"]
[Date "2016.04.28"]
[Round "9.14"]
[White "Simonyan, Grigori"]
[Black "Smirnov, Yaroslav"]
[Result "1-0"]
[WhiteElo "1589"]
[BlackElo "1440"]
[PlyCount "101"]
[EventDate "2016.04.20"]

1. e4 d6 2. d4 Nf6 3. Nc3 g6 4. Nf3 Bg7 5. Bc4 O-O 6. h3 Nbd7 7. O-O e5 8. dxe5
Nxe5 9. Nxe5 dxe5 10. Bg5 c6 11. Qe2 Qb6 12. Bb3 Re8 13. Qf3 Qd8 14. Rad1 Qe7
15. Qe3 Be6 16. Rd2 b6 17. Rfd1 Bxb3 18. axb3 Rad8 19. Rd3 c5 20. Nd5 Rxd5 21.
exd5 Qd6 22. f3 Kf8 23. c4 e4 24. Bxf6 Bxf6 25. fxe4 Bxb2 26. Kh1 Bd4 27. Qf3
Qe5 28. Re1 Kg7 29. g4 Re7 30. Kg2 Rd7 31. Qg3 f6 32. Qxe5 fxe5 33. Rf1 Rd6 34.
Rdf3 Rd7 35. g5 Kg8 36. h4 Kg7 37. Kg3 Kg8 38. Kg4 Kg7 39. h5 gxh5+ 40. Kxh5
Bb2 41. Kg4 Bd4 42. Kf5 Rd6 43. Kg4 Rd7 44. Rf6 Be3 45. Kf5 Bf4 46. Ke6 Rd8 47.
Rf7+ Kg8 48. Rxa7 Bxg5 49. Rff7 Re8+ 50. Kf5 Bh6 51. Rxh7 1-0

[Event "Russian Championship B11 2016"]
[Site "Loo"]
[Date "2016.04.28"]
[Round "9.15"]
[White "Chalov, Egor"]
[Black "Gagarinov, Andrey"]
[Result "1-0"]
[WhiteElo "1522"]
[BlackElo "1562"]
[PlyCount "37"]
[EventDate "2016.04.20"]

1. e4 c5 2. Nf3 e6 3. d4 cxd4 4. Nxd4 a6 5. Nc3 Qc7 6. a3 b5 7. Qf3 Bb7 8. Bf4
e5 9. Bg3 d6 10. Nf5 Ne7 11. Ne3 Qa5 12. O-O-O Nec6 13. Nf5 Qc7 14. Nd5 Qd8 15.
Bh4 g5 16. Bg3 h5 17. h3 g4 18. Qd3 gxh3 19. Bh4 1-0

[Event "Russian Championship B11 2016"]
[Site "Loo"]
[Date "2016.04.28"]
[Round "9.16"]
[White "Makov, Artem"]
[Black "Khusnulgatin, Artem"]
[Result "0-1"]
[WhiteElo "1547"]
[BlackElo "1559"]
[PlyCount "34"]
[EventDate "2016.04.20"]

1. d4 d5 2. c4 e6 3. Nc3 Nf6 4. Bg5 Nbd7 5. Nf3 c6 6. e3 Qa5 7. Rc1 Bb4 8. Qc2
Qxa2 9. b3 Qxc2 10. Rxc2 Ne4 11. Bd3 Nxc3 12. O-O dxc4 13. bxc4 Na4 14. c5 O-O
15. Ra1 Naxc5 16. dxc5 Bxc5 17. Rxc5 Nxc5 0-1

[Event "Russian Championship B11 2016"]
[Site "Loo"]
[Date "2016.04.28"]
[Round "9.18"]
[White "Merts, Dmitrii"]
[Black "Sagdiev, Daniel"]
[Result "1-0"]
[WhiteElo "1578"]
[BlackElo "1599"]
[PlyCount "119"]
[EventDate "2016.04.20"]

1. e4 c5 2. Nf3 d6 3. d4 cxd4 4. Nxd4 Nf6 5. Nc3 a6 6. Be3 e6 7. f3 b5 8. a4 b4
9. Na2 Bb7 10. Qd2 Nbd7 11. Bc4 Rc8 12. b3 Ne5 13. Be2 d5 14. exd5 Nxd5 15. Bf2
Bc5 16. O-O Qe7 17. Rad1 O-O 18. Rfe1 Rfd8 19. Bf1 Bxd4 20. Bxd4 Nc6 21. Qf2
Nxd4 22. Rxd4 Qc5 23. Bc4 a5 24. Nc1 Qc7 25. Nd3 Nb6 26. Ne5 Rxd4 27. Qxd4 Qc5
28. Qxc5 Rxc5 29. Rd1 g6 30. Nd7 Nxd7 31. Rxd7 Bd5 32. Bxd5 Rxd5 33. Rxd5 exd5
34. Kf2 Kf8 35. Ke3 Ke7 36. g3 Ke6 37. Kd4 Kd6 38. g4 g5 39. h3 f6 40. Kd3 Kc5
41. Ke3 Kd6 42. Kd4 Kc6 43. Kd3 Kc5 44. Ke3 Kd6 45. Kd4 h6 46. Kd3 Kc5 47. Ke3
Kd6 48. Kd4 Kc6 49. Kd3 Kc5 50. Ke3 Kc6 51. Kd3 Kc7 52. c3 bxc3 53. Kxc3 Kc6
54. b4 axb4+ 55. Kxb4 d4 56. Kc4 Kb6 57. Kxd4 Ka5 58. Kd5 Kxa4 59. Ke6 Kb5 60.
Kxf6 1-0

[Event "Russian Championship B11 2016"]
[Site "Loo"]
[Date "2016.04.28"]
[Round "9.24"]
[White "Ogloblin, Ilya"]
[Black "Fedoseev, Ilya"]
[Result "0-1"]
[WhiteElo "1670"]
[BlackElo "1437"]
[PlyCount "94"]
[EventDate "2016.04.20"]

1. e4 e6 2. d4 d5 3. Nd2 c5 4. exd5 Qxd5 5. dxc5 Bxc5 6. Ngf3 Ne7 7. Bc4 Qd8 8.
O-O O-O 9. Nb3 Qxd1 10. Rxd1 Bb6 11. Bg5 Nbc6 12. Rd2 h6 13. Bf4 Ng6 14. Bd6
Rd8 15. Rad1 Kh8 16. h3 f6 17. Re1 e5 18. Bb5 Nge7 19. Bxc6 Nxc6 20. Red1 Be6
21. Nc5 Bxc5 22. Bxc5 Rxd2 23. Nxd2 Rd8 24. Be3 Bf5 25. c3 Kg8 26. Re1 Kf7 27.
g4 Be6 28. a3 b6 29. b4 Rd3 30. Nb1 Ba2 31. b5 Na5 32. Kg2 Bxb1 33. Rxb1 Rxc3
34. Ra1 Nc4 35. Bc1 Kg6 36. Kh2 h5 37. gxh5+ Kxh5 38. Kg2 Kh4 39. f3 Rc2+ 40.
Kg1 Kxh3 41. a4 Kg3 42. Ba3 Nxa3 43. f4 exf4 44. Rxa3+ f3 45. Ra1 Rg2+ 46. Kf1
Rh2 47. Ke1 Rh1+ 0-1

[Event "Russian Championship B11 2016"]
[Site "Loo"]
[Date "2016.04.28"]
[Round "9.25"]
[White "Kagan, Mikhail"]
[Black "Dubinenko, Konstantin"]
[Result "1-0"]
[WhiteElo "1429"]
[BlackElo "1483"]
[PlyCount "89"]
[EventDate "2016.04.20"]

1. e4 e5 2. Nf3 Nc6 3. d4 exd4 4. Nxd4 Nf6 5. Nc3 Bb4 6. Nxc6 bxc6 7. Bd3 d5 8.
exd5 cxd5 9. O-O O-O 10. Bg5 c6 11. Ne2 Re8 12. c3 Bd6 13. Ng3 Rb8 14. Rb1 h6
15. Bxf6 Qxf6 16. Qa4 Bc5 17. Qc2 g6 18. Qd2 Kg7 19. Kh1 Bd7 20. f4 Be3 21. Qc2
Qh4 22. Ne2 Bg4 23. Ng3 g5 24. fxg5 hxg5 25. Bf5 Rh8 26. h3 Qxg3 27. Bxg4 Qxg4
28. c4 Rh7 29. Qxh7+ Kxh7 30. hxg4 Kg6 31. g3 d4 32. b3 c5 33. Rf3 Re8 34. Rbf1
Re7 35. a3 a5 36. Rf6+ Kg7 37. Ra6 Bd2 38. Rf5 Bc3 39. Rxg5+ Kh7 40. Rxc5 d3
41. Rd5 d2 42. Rad6 Re1+ 43. Kg2 Re2+ 44. Kf1 Re1+ 45. Kf2 1-0

[Event "Russian Championship B11 2016"]
[Site "Loo"]
[Date "2016.04.28"]
[Round "9.26"]
[White "Surkov, Alexander"]
[Black "Kasparov, Georgy"]
[Result "0-1"]
[WhiteElo "1540"]
[BlackElo "1365"]
[PlyCount "58"]
[EventDate "2016.04.20"]

1. e4 c5 2. Nf3 Nc6 3. d4 cxd4 4. Nxd4 Nf6 5. Nc3 d6 6. Be3 Ng4 7. Nxc6 bxc6 8.
Bd2 Qb6 9. Qf3 Qxb2 10. Rb1 Qa3 11. Be2 g6 12. O-O Bg7 13. Rb3 Qc5 14. Qg3 Nf6
15. Rfb1 O-O 16. Qh4 Be6 17. Rb7 d5 18. e5 Nd7 19. Bd3 Rfe8 20. Kh1 Nxe5 21.
Nd1 Qa3 22. R1b3 Qd6 23. Bb4 c5 24. Ba3 d4 25. Rb2 f5 26. R2b5 Rec8 27. Kg1
Bxa2 28. Rb2 Bd5 29. Kf1 Bc4 0-1

[Event "Russian Championship B13 2016"]
[Site "Loo"]
[Date "2016.04.28"]
[Round "9.1"]
[White "Tsoi, Dmitry"]
[Black "Skatchkov, Valery"]
[Result "1-0"]
[WhiteElo "2127"]
[BlackElo "2170"]
[PlyCount "81"]
[EventDate "2016.04.20"]

1. e4 e5 2. Nf3 Nf6 3. Nxe5 d6 4. Nf3 Nxe4 5. d4 d5 6. Bd3 Bd6 7. c4 c6 8. Nc3
Nxc3 9. bxc3 O-O 10. O-O dxc4 11. Bxc4 Bg4 12. h3 Bh5 13. Rb1 Qc7 14. Bd3 Bg6
15. Bxg6 hxg6 16. Qb3 b6 17. Nd2 Nd7 18. Nc4 Bh2+ 19. Kh1 Bf4 20. Ba3 Rfe8 21.
g3 b5 22. Nb2 Bd6 23. Nd3 c5 24. dxc5 Nxc5 25. Bxc5 Bxc5 26. Qxb5 Bd6 27. c4
Bxg3 28. fxg3 Qxg3 29. Nf4 Rad8 30. Rb3 Qh4 31. Ng2 Qd4 32. c5 Re5 33. Qb7 Qc4
34. Rbf3 f6 35. c6 Rc5 36. Re1 Rxc6 37. Re7 Kf8 38. Rxg7 Qe6 39. Rh7 Rd1+ 40.
Kh2 Qe5+ 41. Rf4 1-0

[Event "Russian Championship B13 2016"]
[Site "Loo"]
[Date "2016.04.28"]
[Round "9.2"]
[White "Stukan, Martin"]
[Black "Pogosyan, Stefan"]
[Result "0-1"]
[WhiteElo "1956"]
[BlackElo "2082"]
[PlyCount "120"]
[EventDate "2016.04.20"]

1. e4 e5 2. Nf3 Nc6 3. Bb5 a6 4. Ba4 Nf6 5. O-O Be7 6. Re1 b5 7. Bb3 d6 8. c3
O-O 9. d3 Na5 10. Bc2 c5 11. Nbd2 Re8 12. Nf1 Bf8 13. Ng3 g6 14. Bg5 h6 15. Bd2
Bg7 16. Qc1 Kh7 17. b4 Nc6 18. Qb2 cxb4 19. cxb4 Be6 20. Bc3 Bg4 21. Bb3 Qd7
22. Rac1 Re7 23. Rc2 Rae8 24. Rec1 Bxf3 25. gxf3 Qh3 26. f4 Ng4 27. f3 Nxh2 28.
Rxh2 Qxg3+ 29. Qg2 Qxg2+ 30. Rxg2 h5 31. Bd5 Nd8 32. Bd2 Ne6 33. Rc6 Nd4 34.
Rxd6 Nxf3+ 35. Kf1 Nxd2+ 36. Rxd2 Bh6 37. Rc2 Bxf4 38. Rxa6 Kg7 39. a4 bxa4 40.
b5 Rb8 41. b6 Be3 42. Rb2 Bd4 43. Rb5 Reb7 44. Bxb7 Rxb7 45. Kg2 a3 46. Kf3 a2
47. Rxa2 Rxb6 48. Rxb6 Bxb6 49. Rb2 Bd4 50. Rb8 g5 51. Kg3 Bc3 52. Kf2 g4 53.
Rb1 Kg6 54. Kg3 Kg5 55. Rf1 h4+ 56. Kg2 f6 57. Rf5+ Kg6 58. Kh2 Bd2 59. Kg2 Bf4
60. d4 h3+ 0-1

[Event "Russian Championship B13 2016"]
[Site "Loo"]
[Date "2016.04.28"]
[Round "9.3"]
[White "Gaydym, Arseniy"]
[Black "Shumilov, Demyan"]
[Result "0-1"]
[WhiteElo "1959"]
[BlackElo "1897"]
[PlyCount "74"]
[EventDate "2016.04.20"]

1. e4 e6 2. d4 d5 3. Nd2 dxe4 4. Nxe4 Bd7 5. Nf3 Bc6 6. Bd3 Nd7 7. O-O Ngf6 8.
Ng3 Be7 9. Re1 O-O 10. b3 Bb4 11. Bd2 Bxf3 12. gxf3 Bxd2 13. Qxd2 c5 14. c3
cxd4 15. cxd4 Nd5 16. Kh1 Qh4 17. Rg1 N7f6 18. Ne4 Rfd8 19. Rg3 g6 20. Rag1 Kg7
21. Qb2 Rac8 22. Bb1 Rc6 23. Ng5 Qf4 24. Ne4 Rdc8 25. Nc5 Nh5 26. Rh3 b6 27.
Rg4 Qf6 28. Be4 Rxc5 29. Rxh5 Rc1+ 30. Kg2 Nf4+ 31. Rxf4 Qxf4 32. Re5 f6 33.
Rb5 a6 34. Rxb6 Qg5+ 35. Kh3 Rg1 36. Rb7+ Kg8 37. f4 Qh5# 0-1

[Event "Russian Championship B13 2016"]
[Site "Loo"]
[Date "2016.04.28"]
[Round "9.4"]
[White "Poznyak, Nazar"]
[Black "Makarian, Rudik"]
[Result "1-0"]
[WhiteElo "1762"]
[BlackElo "2016"]
[PlyCount "107"]
[EventDate "2016.04.20"]

1. e4 e6 2. d3 c5 3. Nf3 b6 4. Nbd2 Bb7 5. g3 d6 6. Bg2 Nf6 7. O-O Be7 8. Re1
O-O 9. Qe2 Nbd7 10. h3 Qc7 11. b3 b5 12. Bb2 Rac8 13. Rad1 Rfe8 14. Nh2 Nb6 15.
c4 bxc4 16. dxc4 Nbd7 17. Nhf3 Ne5 18. Nxe5 dxe5 19. Nf3 Nd7 20. h4 Red8 21.
Bh3 Bf6 22. Bc3 Nb8 23. Qe3 Nd7 24. Rd2 g6 25. Red1 Bg7 26. Kh2 Kf8 27. Ng5 Ke7
28. Nxh7 Nf8 29. Nxf8 Rxf8 30. b4 Rfd8 31. bxc5 Rxd2 32. Rxd2 Rd8 33. Rxd8 Qxd8
34. c6 Bxc6 35. Qxa7+ Ke8 36. Bg2 Bf6 37. Qc5 Qa8 38. Bb4 Bd8 39. Qf8+ Kd7 40.
Qxf7+ Kc8 41. Qxe6+ Kb7 42. Qxg6 Qxa2 43. Qf7+ Ka6 44. h5 Qb2 45. Bc5 Bb7 46.
Qe6+ Ka5 47. h6 Qe2 48. h7 Qh5+ 49. Qh3 Qxh3+ 50. Bxh3 Bf6 51. Bf5 Ka4 52. Kh3
Kb3 53. Be7 Bh8 54. c5 1-0

[Event "Russian Championship B13 2016"]
[Site "Loo"]
[Date "2016.04.28"]
[Round "9.5"]
[White "Yarosh, Ruslan"]
[Black "Tsvetkov, Andrey"]
[Result "0-1"]
[WhiteElo "1791"]
[BlackElo "2036"]
[PlyCount "96"]
[EventDate "2016.04.20"]

1. e4 c5 2. Nf3 d6 3. d4 cxd4 4. Nxd4 Nf6 5. f3 e5 6. Bb5+ Bd7 7. Bxd7+ Qxd7 8.
Nf5 Nc6 9. c4 g6 10. Ne3 Nd4 11. Nc3 O-O-O 12. Ned5 Nxd5 13. Nxd5 Kb8 14. Be3
Bg7 15. O-O f5 16. a4 Rhf8 17. Qd3 fxe4 18. Qxe4 Qf5 19. Bxd4 exd4 20. Qxf5
Rxf5 21. Rad1 g5 22. Rfe1 Re5 23. Kf2 Rde8 24. b3 Kc8 25. g3 Kd7 26. Nb4 a6 27.
Nd3 Re3 28. Rxe3 Rxe3 29. Nc1 Rc3 30. Ne2 Rxb3 31. Nxd4 Rc3 32. Nf5 Be5 33. Rb1
Ke6 34. g4 h5 35. Rxb7 hxg4 36. fxg4 Rxc4 37. h3 Rxa4 38. Re7+ Kd5 39. Re8 Ra2+
40. Kf3 Ra3+ 41. Kg2 a5 42. Rg8 a4 43. Rxg5 Rd3 44. Ne7+ Ke4 45. Nc6 Rd2+ 46.
Kf1 a3 47. Nb4 Rb2 48. Rg8 Rxb4 0-1

[Event "Russian Championship B13 2016"]
[Site "Loo"]
[Date "2016.04.28"]
[Round "9.6"]
[White "Kazmin, Semen"]
[Black "Zhakamukhov, Eduard"]
[Result "1-0"]
[WhiteElo "1942"]
[BlackElo "1794"]
[PlyCount "117"]
[EventDate "2016.04.20"]

1. e4 c5 2. Nf3 d6 3. d4 cxd4 4. Nxd4 Nf6 5. Nc3 e5 6. Nb3 Be6 7. f3 Be7 8. Be3
a6 9. Qd2 O-O 10. O-O-O Nbd7 11. Kb1 b5 12. g4 Nb6 13. h4 Bc4 14. Qf2 Nfd7 15.
Bxc4 Nxc4 16. Nd5 Nxe3 17. Nxe7+ Qxe7 18. Qxe3 Rfc8 19. Qd2 Rc6 20. Na5 Rb6 21.
g5 Nc5 22. h5 Rf8 23. Qe3 Qc7 24. Nb3 Ne6 25. Nc1 Rc8 26. Rh2 Rc6 27. c3 Nf4
28. Ne2 Nxe2 29. Rxe2 a5 30. Ree1 a4 31. a3 Qe7 32. Rd5 Rc5 33. Red1 Rxd5 34.
Rxd5 Rc5 35. Qd2 Rxd5 36. Qxd5 Kf8 37. Qxb5 Qxg5 38. Qxa4 Qxh5 39. Qd7 g6 40.
Qxd6+ Kg7 41. a4 Qxf3 42. Qxe5+ Kh6 43. Qh2+ Kg7 44. Qe5+ Kh6 45. Ka2 Qd1 46.
Qd4 Qc2 47. a5 Qe2 48. c4 Qe1 49. Qd5 Qb4 50. Qb5 Qe1 51. Qd5 Qb4 52. Qb5 Qe1
53. a6 Qxe4 54. a7 f5 55. Qd5 Qc2 56. a8=Q Kg7 57. Qc5 Kh6 58. Qh1+ Kg7 59.
Qe7+ 1-0

[Event "Russian Championship B13 2016"]
[Site "Loo"]
[Date "2016.04.28"]
[Round "9.7"]
[White "Pshmahov, Osman"]
[Black "Shaykhaliev, Dzhokhar"]
[Result "0-1"]
[WhiteElo "1878"]
[BlackElo "1710"]
[PlyCount "64"]
[EventDate "2016.04.20"]

1. e4 c5 2. Nf3 d6 3. d4 cxd4 4. Nxd4 Nf6 5. Nc3 a6 6. Bg5 e6 7. f4 Qb6 8. Nb3
h6 9. Bxf6 gxf6 10. Qd2 Nc6 11. f5 h5 12. fxe6 fxe6 13. Qf4 Ke7 14. Rd1 Ne5 15.
Qd2 Bh6 16. Qd4 Qxd4 17. Rxd4 Be3 18. Rd1 Ng4 19. Rd3 Bf2+ 20. Ke2 Ba7 21. Nd1
Bd7 22. Ke1 Bc6 23. Nd2 Ne5 24. Rg3 Rag8 25. Be2 h4 26. Rxg8 Rxg8 27. Bf1 d5
28. exd5 Bxd5 29. Nf2 Bxf2+ 30. Kxf2 h3 31. Nf3 hxg2 32. Bxg2 Rxg2+ 0-1

[Event "Russian Championship B13 2016"]
[Site "Loo"]
[Date "2016.04.28"]
[Round "9.8"]
[White "Sabirov, Timur"]
[Black "Galichkin, Ilya"]
[Result "1/2-1/2"]
[WhiteElo "1781"]
[BlackElo "1866"]
[PlyCount "69"]
[EventDate "2016.04.20"]

1. d4 Nf6 2. e3 e6 3. f4 b6 4. Nf3 Bb7 5. Nbd2 c5 6. Bd3 Qc7 7. g3 Be7 8. O-O
Nc6 9. c3 Rc8 10. Ne5 cxd4 11. exd4 d6 12. Nxc6 Bxc6 13. Nf3 h5 14. h3 Ne4 15.
Kh2 f5 16. Qe1 Kd7 17. Bxe4 Bxe4 18. Ng5 Bxg5 19. fxg5 g6 20. h4 Qc4 21. Bf4
Rc6 22. Qd2 Rhc8 23. Rfe1 R8c7 24. Re3 Qa6 25. Qe2 Qxe2+ 26. Rxe2 Rb7 27. Rf2
b5 28. Kg1 b4 29. Bd2 bxc3 30. Bxc3 Rb8 31. Rd2 Bd5 32. Rf2 Be4 33. Rd2 Bd5 34.
Rf2 Be4 35. Rd2 1/2-1/2

[Event "Russian Championship B13 2016"]
[Site "Loo"]
[Date "2016.04.28"]
[Round "9.9"]
[White "Kulik, Artur"]
[Black "Shihaliev, Leonard"]
[Result "1/2-1/2"]
[WhiteElo "1739"]
[BlackElo "1815"]
[PlyCount "105"]
[EventDate "2016.04.20"]

1. d4 Nf6 2. c4 e6 3. Nf3 b6 4. g3 Ba6 5. b3 Bb7 6. Bg2 c5 7. O-O cxd4 8. Nxd4
Bxg2 9. Kxg2 Bc5 10. Ba3 Na6 11. Bxc5 Nxc5 12. b4 Nb7 13. f3 O-O 14. e4 Rc8 15.
Qb3 d6 16. Rd1 Qe7 17. Nc3 Qc7 18. Ncb5 Qxc4 19. Nxa7 Qxb3 20. axb3 Ra8 21.
Ndc6 Nd7 22. Nb5 Rxa1 23. Rxa1 Nb8 24. Ne7+ Kh8 25. Ra7 Nd8 26. Nxd6 Nbc6 27.
Nxc6 Nxc6 28. Nxf7+ Kg8 29. Rc7 Nxb4 30. Nd6 Nd3 31. Rc8 Rxc8 32. Nxc8 b5 33.
Na7 Nc5 34. b4 Na6 35. Nxb5 Nxb4 36. f4 Kf7 37. Kf3 Nc6 38. e5 Ne7 39. Nd6+ Kg6
40. g4 h5 41. h3 Nc6 42. Ke4 Ne7 43. f5+ exf5+ 44. Nxf5 Ng8 45. Kd5 hxg4 46.
hxg4 Kg5 47. Kd6 Kxg4 48. Ne7 Nh6 49. e6 g5 50. Nd5 Ng8 51. Kd7 Kf5 52. Ne3+
Kf4 53. Nd5+ 1/2-1/2

[Event "Russian Championship B13 2016"]
[Site "Loo"]
[Date "2016.04.28"]
[Round "9.10"]
[White "Ter-Saakian, Grigorii"]
[Black "Grachev, Alexey"]
[Result "1/2-1/2"]
[WhiteElo "1921"]
[BlackElo "1990"]
[PlyCount "176"]
[EventDate "2016.04.20"]

1. d4 d5 2. c4 c6 3. Nf3 Nf6 4. e3 Bf5 5. Nc3 e6 6. Nh4 Be4 7. f3 Bg6 8. Nxg6
hxg6 9. cxd5 exd5 10. g3 Nbd7 11. Bg2 Qc7 12. f4 Be7 13. Bd2 Nb6 14. Qc2 O-O-O
15. O-O-O Ng4 16. Rdf1 Nxh2 17. Rfg1 f5 18. b3 Nd7 19. Kb1 Kb8 20. Rc1 Nf6 21.
Na4 Nhg4 22. Nc5 Bxc5 23. dxc5 Rde8 24. Rxh8 Rxh8 25. Bf3 Rh2 26. Qd3 Qe7 27.
Bc3 Ne4 28. Bxg4 Nf2 29. Qd4 Nxg4 30. Qxg7 Qxg7 31. Bxg7 Kc8 32. Bd4 Kd7 33.
Rc2 Ke7 34. Rxh2 Nxh2 35. Kc2 Nf1 36. Kd1 Nxg3 37. Ke1 Kf7 38. b4 a6 39. Kf2
Ne4+ 40. Ke2 g5 41. fxg5 Nxg5 42. Kf2 Ne6 43. Be5 Kg6 44. Kg3 Kg5 45. Bc3 a5
46. a3 axb4 47. axb4 Nc7 48. Bd2 Kf6 49. Bc3+ Ke6 50. Bb2 Ne8 51. Kf4 Nf6 52.
Ba1 Ne4 53. Bb2 Nd2 54. Bc3 Nc4 55. Bd4 Na3 56. Bb2 Nc2 57. Bc3 d4 58. exd4 Kd5
59. Kxf5 Nxd4+ 60. Kf6 Nc2 61. Ke7 Kc4 62. Bd2 Nxb4 63. Kd6 Nd5 64. Be1 Kb5 65.
Bh4 Ka6 66. Bf2 Nf6 67. Be3 Ne4+ 68. Kc7 Ka7 69. Bg1 Nc3 70. Bf2 Nd5+ 71. Kd6
Kb8 72. Kd7 Nf6+ 73. Kd8 Ne4 74. Bg1 Ng5 75. Kd7 Nf3 76. Bf2 Ne5+ 77. Kd8 Nd3
78. Bg1 Ka7 79. Kc7 Ka6 80. Be3 Ne5 81. Bd4 Nc4 82. Bf2 Na5 83. Bg1 Kb5 84. Bf2
Nb3 85. Kxb7 Nxc5+ 86. Kc7 Ne4 87. Bg1 c5 88. Bxc5 Kxc5 1/2-1/2

[Event "Russian Championship B13 2016"]
[Site "Loo"]
[Date "2016.04.28"]
[Round "9.11"]
[White "Esipenko, Aleksandr"]
[Black "Don, Aleksandr"]
[Result "0-1"]
[WhiteElo "1846"]
[BlackElo "1933"]
[PlyCount "64"]
[EventDate "2016.04.20"]

1. e4 c5 2. Nc3 Nc6 3. g3 g6 4. Bg2 Bg7 5. d3 d6 6. f4 e5 7. Nf3 Nge7 8. O-O
O-O 9. Be3 Nd4 10. Qd2 f5 11. Nd1 fxe4 12. dxe4 Bg4 13. Ne1 exf4 14. gxf4 d5
15. Nd3 Ne2+ 16. Kh1 d4 17. Bf2 c4 18. Ne5 Bxe5 19. fxe5 Nc6 20. Re1 Nf4 21.
Bg3 Nh5 22. Nf2 Nxg3+ 23. hxg3 Nxe5 24. Nxg4 Nxg4 25. Qe2 Qg5 26. Qxc4+ Kg7 27.
Qxd4+ Kh6 28. Qd5 Nf2+ 29. Kh2 Qg4 30. Qd2+ g5 31. Qe3 Qh5+ 32. Kg1 Ng4 0-1

[Event "Russian Championship B13 2016"]
[Site "Loo"]
[Date "2016.04.28"]
[Round "9.12"]
[White "Averyanov, Grigori"]
[Black "Ismagilov, Damir"]
[Result "1-0"]
[WhiteElo "1716"]
[BlackElo "1929"]
[PlyCount "87"]
[EventDate "2016.04.20"]

1. c4 e5 2. Nc3 Nf6 3. Nf3 Nc6 4. g3 d5 5. cxd5 Nxd5 6. d3 Bb4 7. Bd2 Be7 8.
Bg2 Nf6 9. O-O O-O 10. Rc1 Bd7 11. Na4 e4 12. dxe4 Nxe4 13. Be3 Nd6 14. Nc5 Rb8
15. b3 Bg4 16. Nxb7 Nxb7 17. Rxc6 Qxd1 18. Rxd1 Rfd8 19. Rcc1 Ba3 20. Rxd8+
Rxd8 21. Rf1 Nc5 22. h3 Bh5 23. Nd4 Ne6 24. Nc6 Rd6 25. g4 Bg6 26. f4 Bc2 27.
f5 Nc5 28. Nd4 Be4 29. Nb5 Bxg2 30. Kxg2 Ra6 31. Nxa3 Ne4 32. Nb1 Rxa2 33. Kf3
Nd6 34. Nc3 Ra3 35. Rb1 Ra6 36. Bf4 Rc6 37. Rc1 Rb6 38. Bxd6 cxd6 39. Rb1 Kf8
40. Nd5 Rb5 41. Ke4 a5 42. b4 Rb7 43. Rc1 f6 44. bxa5 1-0

[Event "Russian Championship B13 2016"]
[Site "Loo"]
[Date "2016.04.28"]
[Round "9.13"]
[White "Tarasov, Danila"]
[Black "Rubtsov, Aleksandr"]
[Result "0-1"]
[WhiteElo "1868"]
[BlackElo "1834"]
[PlyCount "110"]
[EventDate "2016.04.20"]

1. e3 d5 2. c4 c6 3. Nc3 Nf6 4. Nf3 e6 5. d4 Nbd7 6. cxd5 exd5 7. Bd3 Bd6 8.
O-O O-O 9. Qc2 h6 10. h3 Re8 11. Nd2 Nb6 12. e4 dxe4 13. Ndxe4 Nxe4 14. Nxe4
Bc7 15. Qc5 Nd5 16. Bd2 Be6 17. Qc1 Nf6 18. Nxf6+ Qxf6 19. Bc3 Bd5 20. Qd2 Bf4
21. Qd1 g6 22. g3 Bc7 23. Bd2 h5 24. h4 Qxd4 25. Bc3 Qg4 26. Qxg4 hxg4 27. Rfe1
f5 28. a3 Bb3 29. h5 Kh7 30. Kf1 Kh6 31. hxg6 Kxg6 32. Rxe8 Rxe8 33. Re1 Rxe1+
34. Kxe1 a5 35. Ke2 a4 36. Ke3 Kg5 37. Ke2 Bd5 38. Bd2+ Kf6 39. Bc3+ Be5 40.
Bxe5+ Kxe5 41. Ke3 Be4 42. Bc4 Bd5 43. Bd3 b5 44. Bb1 c5 45. Bd3 Bc6 46. Bc2
Be4 47. Bd1 Kd6 48. Be2 c4 49. Bd1 Kc5 50. Be2 Bf3 51. Bxf3 gxf3 52. Kxf3 b4
53. Ke3 c3 54. Kd3 cxb2 55. Kc2 bxa3 0-1